[Event "Novokuznetsk-ch"]
[Site "Novokuznetsk"]
[Date "2014.05.06"]
[Round "6"]
[White "Zavyalov, Mikhail"]
[Black "Fayzullin, Ruslan"]
[Result "1-0"]
[WhiteElo "2131"]
[BlackElo "1950"]
[PlyCount "133"]
[EventDate "2014.05.01"]
[EventType "swiss"]
[EventRounds "9"]
[EventCountry "RUS"]
[SourceTitle "CBM 160 Extra"]
[Source "ChessBase"]
[SourceDate "2014.07.01"]
[SourceVersion "1"]
[SourceVersionDate "2014.07.01"]
[SourceQuality "1"]

1. Nf3 d5 2. d4 Nf6 3. c4 e6 4. g3 Be7 5. Bg2 Nbd7 6. Qc2 Ne4 7. 0-0 0-0 8. Be3 f5 9. Nfd2 g5 10. Nxe4 dxe4 11. Qd2 e5 12. dxe5 Nxe5 13. Qc1 Bf6 14. Rd1 Qe7 15. Nc3 c6 16. b3 Be6 17. f3 Ng6 18. Bd4 Rad8 19. Qe3 b6 20. Na4 Bxd4 21. Rxd4 Rxd4 22. Qxd4 Rd8 23. Qe3 Qf6 24. Rc1 f4 25. Qc3 Qxc3 26. Nxc3 e3 27. Ne4 h6 28. c5 b5 29. Nd6 Ne5 30. Rd1 Nf7 31. gxf4 gxf4 32. h4 Nxd6 33. cxd6 c5 34. Kh2 Kf7 35. Bh3 h5 36. Rc1 Rxd6 37. Rxc5 Bxh3 38. Kxh3 Rd2 39. Rxh5 Rxe2 40. Rxb5 Rxa2 41. Kg4 e2 42. Re5 Kf6 43. Kxf4 a5 44. Re4 Rb2 45. Kg3 Rxb3 46. Rxe2 a4 47. Re4 a3 48. Ra4 Kf5 49. Ra5+ Kg6 50. Kg4 Kf6 51. f4 Kg7 52. Ra6 Rc3 53. Kg5 Rg3+ 54. Kf5 Rb3 55. Ra7+ Kh6 56. Kf6 Kh5 57. f5 Kxh4 58. Rh7+ Kg4 59. Kg6 Rb6+ 60. f6 Ra6 61. Rh1 a2 62. Ra1 Kf4 63. Kg7 Ra3 64. f7 Rg3+ 65. Kf8 Rg2 66. Ke7 Re2+ 67. Kf6 1-0

[Event "Novokuznetsk-ch"]
[Site "Novokuznetsk"]
[Date "2014.05.02"]
[Round "2"]
[White "Fayzullin, Ruslan"]
[Black "Sergeev, Albert"]
[Result "0-1"]
[WhiteElo "1950"]
[BlackElo "2305"]
[PlyCount "84"]
[EventDate "2014.05.01"]
[EventType "swiss"]
[EventRounds "9"]
[EventCountry "RUS"]
[SourceTitle "CBM 160 Extra"]
[Source "ChessBase"]
[SourceDate "2014.07.01"]
[SourceVersion "1"]
[SourceVersionDate "2014.07.01"]
[SourceQuality "1"]

1. e4 c5 2. Nf3 d6 3. d4 cxd4 4. Nxd4 Nf6 5. Nc3 e6 6. g4 a6 7. Rg1 d5 8. exd5 Nxd5 9. Nxd5 Qxd5 10. Be3 Qa5+ 11. Qd2 Qxd2+ 12. Kxd2 e5 13. Nb3 Nc6 14. Re1 Be6 15. Kc1 0-0-0 16. Bb6 Rd7 17. Bg2 Bd5 18. Bxd5 Rxd5 19. Rd1 Rxd1+ 20. Rxd1 Be7 21. Be3 g5 22. Nd2 h5 23. h3 hxg4 24. hxg4 Rh4 25. Rg1 f6 26. c3 Kd7 27. Ne4 Ke6 28. Kd2 Nd8 29. b4 Nf7 30. Ke2 Nh6 31. f3 Rh2+ 32. Bf2 f5 33. gxf5+ Kxf5 34. Kd3 g4 35. fxg4+ Nxg4 36. Rf1 Ke6 37. a4 Rh3+ 38. Kc4 Rf3 39. b5 Ne3+ 40. Bxe3 Rxf1 41. bxa6 bxa6 42. Bc5 Rf4 0-1

[Event "Novokuznetsk Spring op"]
[Site "Novokuznetsk"]
[Date "2014.04.27"]
[Round "9"]
[White "Yazovskikh, Elizaveta"]
[Black "Fayzullin, Ruslan"]
[Result "0-1"]
[WhiteElo "1751"]
[BlackElo "1950"]
[PlyCount "70"]
[EventDate "2014.03.29"]
[EventType "swiss"]
[EventRounds "9"]
[EventCountry "RUS"]
[SourceTitle "EXT 2015"]
[Source "ChessBase"]
[SourceDate "2014.11.20"]
[SourceVersion "1"]
[SourceVersionDate "2014.11.20"]
[SourceQuality "1"]

1. d4 Nf6 2. c4 c5 3. d5 e6 4. Nc3 exd5 5. cxd5 d6 6. e4 g6 7. Nf3 Bg7 8. Bd3 0-0 9. 0-0 a6 10. a4 Nbd7 11. Bf4 Qc7 12. Bc4 Ng4 13. Rc1 Rb8 14. b3 Re8 15. Re1 Nge5 16. Nxe5 Nxe5 17. Qc2 Bd7 18. Bxe5 Bxe5 19. Qd3 Qa5 20. Qf3 b5 21. axb5 axb5 22. Bf1 c4 23. bxc4 bxc4 24. Bxc4 Rec8 25. Ne2 Rxc4 26. Red1 Rbc8 27. Rb1 f5 28. Ng3 fxe4 29. Nxe4 Bf5 30. Re1 Bxe4 31. Qb3 Bxb1 32. Qxb1 Qd2 33. Rf1 Rc1 34. Qb7 Rxf1+ 35. Kxf1 Rc1# 0-1

[Event "Novokuznetsk Kuzbass Festival"]
[Site "Novokuznetsk"]
[Date "2014.??.??"]
[Round "3"]
[White "Fayzullin, Ruslan"]
[Black "Marjina, Arina"]
[Result "0-1"]
[WhiteElo "1950"]
[BlackElo "1996"]
[PlyCount "48"]
[EventDate "2014.??.??"]
[EventType "swiss"]
[EventRounds "7"]
[EventCountry "RUS"]
[SourceTitle "EXT 2016"]
[Source "ChessBase"]
[SourceDate "2015.10.08"]
[SourceVersion "1"]
[SourceVersionDate "2015.10.08"]
[SourceQuality "1"]

1. e4 c5 2. Nf3 d6 3. d4 cxd4 4. Nxd4 Nf6 5. Nc3 a6 6. Bc4 b5 7. Bb3 Bb7 8. Be3 Nbd7 9. 0-0 g6 10. f4 Nxe4 11. f5 Ndf6 12. Nxe4 Bxe4 13. g4 d5 14. a4 gxf5 15. Nxf5 Rg8 16. h3 h5 17. g5 Qd7 18. Kh2 Bxf5 19. gxf6 Be4 20. Rf2 e6 21. Qd2 Bd6+ 22. Bf4 Bc5 23. Be3 Bxe3 24. Qxe3 Qd6+ 0-1

[Event "Novokuznetsk-ch"]
[Site "Novokuznetsk"]
[Date "2013.12.08"]
[Round "7"]
[White "Fayzullin, Ruslan"]
[Black "Guliashvili, Liana"]
[Result "1-0"]
[WhiteElo "1916"]
[BlackElo "2008"]
[PlyCount "53"]
[EventDate "2013.11.17"]
[EventType "swiss"]
[EventRounds "9"]
[EventCountry "RUS"]
[SourceTitle "EXT 2015"]
[Source "ChessBase"]
[SourceDate "2014.11.20"]
[SourceVersion "1"]
[SourceVersionDate "2014.11.20"]
[SourceQuality "1"]

1. e4 e6 2. d4 d5 3. Nc3 dxe4 4. Nxe4 Nd7 5. Nf3 Ngf6 6. Nxf6+ Nxf6 7. c3 c5 8. Ne5 cxd4 9. Bg5 Be7 10. Bb5+ Nd7 11. Bxe7 Kxe7 12. Qxd4 Nxe5 13. Qxe5 f6 14. Qe2 Qd5 15. 0-0 Bd7 16. Bc4 Qc6 17. Rfe1 Rhe8 18. Rad1 Kf8 19. Rd4 Rad8 20. Red1 Ke7 21. Qd3 h6 22. Bxe6 Qxe6 23. Re4 Kf7 24. Rxe6 Rxe6 25. h3 Re7 26. Qd5+ Kg6 27. Qxb7 1-0

[Event "Novokuznetsk-ch"]
[Site "Novokuznetsk"]
[Date "2013.11.24"]
[Round "3"]
[White "Bogachev, Alexandr"]
[Black "Fayzullin, Ruslan"]
[Result "0-1"]
[WhiteElo "2063"]
[BlackElo "1916"]
[PlyCount "124"]
[EventDate "2013.11.17"]
[EventType "swiss"]
[EventRounds "9"]
[EventCountry "RUS"]
[SourceTitle "EXT 2015"]
[Source "ChessBase"]
[SourceDate "2014.11.20"]
[SourceVersion "1"]
[SourceVersionDate "2014.11.20"]
[SourceQuality "1"]

1. d4 Nf6 2. e3 g6 3. Bd3 Bg7 4. Nd2 d6 5. Ne2 0-0 6. e4 c6 7. c4 e5 8. d5 a6 9. a4 a5 10. Ra3 Na6 11. h3 Nc5 12. Bc2 Bd7 13. 0-0 b5 14. axb5 cxb5 15. cxb5 Bxb5 16. Re1 Ba6 17. Ng3 h5 18. Nb3 Nxb3 19. Bxb3 h4 20. Nf1 Bxf1 21. Kxf1 Qb6 22. Kg1 Nd7 23. Qg4 Nc5 24. Bc2 Bf6 25. Rf3 Qd8 26. Bh6 Re8 27. Be3 Rb8 28. Bxc5 dxc5 29. Ba4 Rf8 30. b3 Rb4 31. Rc3 Be7 32. Rc4 Kg7 33. Rd1 Bd6 34. Rxb4 axb4 35. Bd7 Qb6 36. Rc1 Be7 37. Bc6 f5 38. exf5 Rxf5 39. Rc4 Qa7 40. Qd1 Qa2 41. f3 Rg5 42. Rg4 Rxg4 43. fxg4 Bd6 44. Bb5 e4 45. Bc4 Qb2 46. Kf1 Bg3 47. Be2 Qd4 48. Qxd4+ cxd4 49. Bc4 d3 50. d6 Bxd6 51. Kf2 Bc5+ 52. Ke1 Kf6 53. Kd2 Ke5 54. g5 Be7 55. Bf7 Bxg5+ 56. Kd1 Kf5 57. Ke1 Bf4 58. Bc4 Ke5 59. Kf2 Kd4 60. Bf7 g5 61. Bh5 e3+ 62. Kf1 e2+ 0-1

[Event "Novokuznetsk-ch"]
[Site "Novokuznetsk"]
[Date "2013.11.17"]
[Round "1"]
[White "Bychkov, Alexandr Alexey"]
[Black "Fayzullin, Ruslan"]
[Result "0-1"]
[WhiteElo "2113"]
[BlackElo "1916"]
[PlyCount "78"]
[EventDate "2013.11.17"]
[EventType "swiss"]
[EventRounds "9"]
[EventCountry "RUS"]
[SourceTitle "EXT 2015"]
[Source "ChessBase"]
[SourceDate "2014.11.20"]
[SourceVersion "1"]
[SourceVersionDate "2014.11.20"]
[SourceQuality "1"]

1. e4 c5 2. Nf3 Nc6 3. d4 cxd4 4. Nxd4 Nf6 5. Nc3 d6 6. Be2 e5 7. Nb3 Be7 8. Be3 Be6 9. Bf3 a5 10. 0-0 0-0 11. Qe2 a4 12. Nd2 d5 13. exd5 Nxd5 14. Nxd5 Bxd5 15. Rfd1 Qa5 16. Bxd5 Qxd5 17. Nf3 Qe6 18. Qb5 Ra5 19. Qb6 Qc8 20. c3 Bd8 21. Rxd8 Rxd8 22. Re1 Rdd5 23. c4 Rd3 24. Bd2 Ra8 25. Bc3 f6 26. c5 Qd7 27. Qb5 a3 28. h3 Rd8 29. Qb3+ Qd5 30. Qxa3 e4 31. Nh2 Rd1 32. Qb3 Rxe1+ 33. Bxe1 Qxb3 34. axb3 Rd1 35. Kf1 Rc1 36. Ng4 Rxc5 37. Bc3 Kf7 38. Ke2 Rb5 39. b4 Nxb4 0-1

[Event "Novokuznetsk-ch"]
[Site "Novokuznetsk"]
[Date "2012.12.01"]
[Round "4"]
[White "Tsvetkov, Yury"]
[Black "Fayzullin, Ruslan"]
[Result "0-1"]
[WhiteElo "1669"]
[BlackElo "1909"]
[PlyCount "102"]
[EventDate "2012.11.18"]
[EventType "swiss"]
[EventRounds "9"]
[EventCountry "RUS"]
[SourceTitle "EXT 2014"]
[Source "ChessBase"]
[SourceDate "2013.11.20"]
[SourceVersion "1"]
[SourceVersionDate "2013.11.20"]
[SourceQuality "1"]

1. e4 c5 2. Nc3 Nc6 3. f4 e6 4. Nf3 a6 5. d3 g6 6. g3 Bg7 7. Ne2 d6 8. Bg2 Nf6 9. h3 h5 10. Ng5 Qc7 11. c3 Bd7 12. Be3 Rd8 13. Ng1 e5 14. Qb3 0-0 15. N1f3 exf4 16. gxf4 b5 17. Nh4 c4 18. dxc4 Na5 19. Qc2 Nxc4 20. Bd4 Nh7 21. Bxg7 Kxg7 22. Qf2 Nxg5 23. fxg5 Ne5 24. Qf6+ Kg8 25. Rd1 Be6 26. 0-0 Bxa2 27. Nf3 Bc4 28. Rf2 Bb3 29. Rd4 Rfe8 30. Nd2 Bc4 31. Nf3 Re6 32. Qf4 Nd3 33. Qd2 Nxf2 34. Qxf2 Rde8 35. Nd2 d5 36. b3 dxe4 37. Bxe4 Bxb3 38. Qf3 Ba2 39. Qd3 Qf4 40. Bg2 Re1+ 41. Nf1 Qxg5 42. Kh2 Bc4 43. Qf3 Bxf1 44. Bxf1 R8e3 45. Qg2 Qxg2+ 46. Kxg2 Rxc3 47. Rd8+ Kg7 48. Ra8 Ra1 49. Bxb5 Ra2+ 50. Kg1 Rc1+ 51. Bf1 Raa1 0-1

[Event "Novokuznetsk-ch"]
[Site "Novokuznetsk"]
[Date "2011.??.??"]
[Round "9"]
[White "Izmailov, Anatoly"]
[Black "Fayzullin, Ruslan"]
[Result "1/2-1/2"]
[WhiteElo "1960"]
[BlackElo "1999"]
[PlyCount "51"]
[EventDate "2011.11.19"]
[EventType "swiss"]
[EventRounds "9"]
[EventCountry "RUS"]
[SourceTitle "EXT 2013"]
[Source "ChessBase"]
[SourceDate "2012.11.22"]
[SourceVersion "1"]
[SourceVersionDate "2012.11.22"]
[SourceQuality "1"]

1. Nc3 Nf6 2. e4 e5 3. f4 d5 4. fxe5 Nxe4 5. Nf3 Bg4 6. d3 Nxc3 7. bxc3 c5 8. d4 Nc6 9. Bb5 Be7 10. 0-0 0-0 11. Bxc6 bxc6 12. Be3 Qa5 13. Qe1 Bf5 14. Ng5 Bxc2 15. Nxf7 cxd4 16. Bxd4 c5 17. Be3 d4 18. Bg5 Rxf7 19. Rxf7 Bxg5 20. Qf1 Qxc3 21. Re1 Be3+ 22. Kh1 Bd3 23. Rxg7+ Kxg7 24. Qf6+ Kg8 25. Qe6+ Kf8 26. Qf6+ 1/2-1/2